| 000 | 00954cam a2200301 a 4500 | ||
|---|---|---|---|
| 001 | 3033504 | ||
| 003 | OSt | ||
| 005 | 20180116183009.0 | ||
| 008 | 950608s1995 nyu 000 1 eng | ||
| 010 | _a 95021887 | ||
| 020 | _a0312854781 (acidfree paper) | ||
| 040 |
_aDLC _cDLC _dOCoLC _dDLC |
||
| 050 | 0 | 0 |
_aPS3554.A9155 _bF66 1995 |
| 082 | 0 | 0 |
_a813/.54 DAV 1995 _220 |
| 100 | 1 | _aDavid, James F. | |
| 245 | 1 | 0 |
_aFootprints of thunder / _cJames F. David. |
| 250 | _a1st ed. | ||
| 260 |
_aNew York : _bForge, _c1995. |
||
| 300 |
_a379 p. ; _c24 cm. |
||
| 500 | _a"A Tom Doherty Associates book." | ||
| 650 | 0 |
_aPaleoecology _yCretaceous _vFiction. |
|
| 650 | 0 |
_aSpace and time _xFiction. |
|
| 650 | 0 |
_aDinosaurs _xFiction. |
|
| 655 | 7 |
_aScience fiction. _2gsafd |
|
| 906 |
_a7 _bcbc _corignew _d1 _eocip _f19 _gy-gencatlg |
||
| 942 |
_2ddc _cBK |
||
| 999 |
_c350168 _d350168 |
||